[Event "BCF-chT2 2324 (4NCL)"]
[Site "England"]
[Date "2024.02.11"]
[Round "6.27"]
[White "Skettos, Nicolas"]
[Black "Freeland, Alex"]
[Result "0-1"]
[WhiteElo "1894"]
[BlackElo "2031"]
[PlyCount "76"]
[EventDate "2023.11.11"]
[EventType "team-tourn"]
[EventRounds "11"]
[EventCountry "ENG"]
[SourceTitle "CB11_2024"]
[SourceDate "2024.03.13"]
[SourceVersion "1"]
[SourceVersionDate "2024.03.13"]
[SourceQuality "1"]
[WhiteTeam "Schach Attack"]
[BlackTeam "The Audible Checks"]
[WhiteTeamCountry "ENG"]
[BlackTeamCountry "ENG"]

1. e4 e6 2. d4 d5 3. Nc3 Nf6 4. Bg5 Bb4 5. e5 h6 6. Bc1 Ne4 7. Qg4 g6 8. a3 Bxc3+ 9. bxc3 c5 10. Ne2 cxd4 11. cxd4 Nc6 12. c3 Qa5 13. Qh3 f6 14. exf6 e5 15. Qe3 exd4 16. Nxd4 Qxc3+ 17. Qxc3 Nxc3 18. Nb5 Nxb5 19. Bxb5 a6 20. Bxc6+ bxc6 21. Bb2 Kf7 22. 0-0-0 Be6 23. Be5 c5 24. Kd2 d4 25. Rb1 Bd5 26. f3 Rhe8 27. Rhe1 Re6 28. Re2 Rae8 29. f4 Bc6 30. g3 c4 31. Ree1 Rd8 32. Rb4 c3+ 33. Kc2 d3+ 34. Kxc3 d2 35. Rd1 Bf3 36. Rbb1 Rc6+ 37. Kb3 Rb6+ 38. Kc2 Rxb1 0-1

[Event "Harrogate 4NCL op 31st"]
[Site "Harrogate"]
[Date "2024.01.21"]
[Round "4"]
[White "Skettos, Nicolas"]
[Black "Latypova, Olga L"]
[Result "1-0"]
[WhiteElo "1880"]
[BlackElo "1725"]
[PlyCount "155"]
[EventDate "2024.01.19"]
[EventType "swiss"]
[EventRounds "5"]
[EventCountry "ENG"]
[SourceTitle "CB05_2024"]
[SourceDate "2024.01.31"]
[SourceVersion "1"]
[SourceVersionDate "2024.01.31"]
[SourceQuality "1"]

1. e4 e5 2. Nc3 Nf6 3. d4 exd4 4. Qxd4 Nc6 5. Qd3 Bc5 6. Bf4 d6 7. 0-0-0 Be6 8. Kb1 Qd7 9. Qe2 Ng4 10. Bg3 f6 11. h3 Nge5 12. f4 Nc4 13. Nd5 Nb6 14. Nf3 0-0 15. c3 a5 16. Qc2 a4 17. Bd3 h6 18. Rhf1 Qf7 19. c4 Nb4 20. Qc3 Nxd3 21. Qxd3 c6 22. Nxb6 Bxb6 23. Rc1 Bc5 24. f5 Bc8 25. Bf2 Re8 26. Bxc5 dxc5 27. Rfe1 Qc7 28. Nh4 Rd8 29. Qe3 b6 30. Ng6 Rd4 31. g4 Ba6 32. e5 fxe5 33. Nxe5 Re8 34. b3 a3 35. Rc3 Qd6 36. Rcc1 Rd2 37. Rc2 Rd1+ 38. Rxd1 Qxd1+ 39. Rc1 Qd6 40. Re1 b5 41. cxb5 cxb5 42. Kc2 Qd5 43. Re2 b4 44. Re1 Bb5 45. h4 Qg2+ 46. Qd2 Qxd2+ 47. Kxd2 Rd8+ 48. Ke3 Rd4 49. Rc1 Rd5 50. Nf3 Rd3+ 51. Ke4 Rc3 52. Rxc3 bxc3 53. Ne1 Be2 54. g5 hxg5 55. hxg5 Bd1 56. Kd3 Kf7 57. Kxc3 Bg4 58. f6 gxf6 59. gxf6 Be6 60. Nc2 Kxf6 61. Nxa3 Ke7 62. Nc4 Kd7 63. a4 Kc7 64. Kd3 Bd5 65. Ke3 Kb7 66. Kf4 Bg8 67. Ke5 Kc7 68. Nd2 Kc6 69. Nc4 Kc7 70. a5 Kc6 71. Kf6 Bd5 72. Ke7 Kb5 73. Kd6 Bxc4 74. bxc4+ Kxc4 75. a6 Kd4 76. a7 c4 77. a8Q c3 78. Qa1 1-0

[Event "Harrogate 4NCL op 31st"]
[Site "Harrogate"]
[Date "2024.01.19"]
[Round "1"]
[White "Bulford, Michael J"]
[Black "Skettos, Nicolas"]
[Result "1-0"]
[WhiteElo "2247"]
[BlackElo "1880"]
[PlyCount "93"]
[EventDate "2024.01.19"]
[EventType "swiss"]
[EventRounds "5"]
[EventCountry "ENG"]
[SourceTitle "CB05_2024"]
[SourceDate "2024.01.31"]
[SourceVersion "1"]
[SourceVersionDate "2024.01.31"]
[SourceQuality "1"]

1. d4 Nf6 2. c4 e6 3. Nc3 Bb4 4. e3 0-0 5. Nge2 Re8 6. a3 Bf8 7. Nf4 d6 8. Be2 e5 9. dxe5 dxe5 10. Qxd8 Rxd8 11. Nfd5 Nxd5 12. Nxd5 Na6 13. b4 c6 14. Nc3 Nc7 15. Bb2 Be6 16. Rd1 Rxd1+ 17. Kxd1 a5 18. b5 cxb5 19. cxb5 Bb3+ 20. Kc1 Rc8 21. Kb1 Ne6 22. Rc1 Nc5 23. Ne4 f6 24. f4 exf4 25. Bd4 b6 26. exf4 Re8 27. Bxc5 Rxe4 28. Bd3 Re8 29. Bxf8 Rxf8 30. Rc6 Rb8 31. Rd6 Kf7 32. Rd7+ Kg8 33. Kb2 Be6 34. Rc7 Bd5 35. Bc4 Bxc4 36. Rxc4 Rb7 37. Kc3 Kf7 38. Rc6 Ke7 39. f5 Kd7 40. Kd4 Ke7 41. Re6+ Kf7 42. Kd5 g6 43. Kc6 Rb8 44. Kc7 Rg8 45. Kxb6 gxf5 46. Re2 a4 47. Ka7 1-0

[Event "Perth op-A"]
[Site "Perth"]
[Date "2023.04.21"]
[Round "1"]
[White "Skettos, Nicolas"]
[Black "McCusker, Andrew"]
[Result "1-0"]
[WhiteElo "1964"]
[BlackElo "1812"]
[PlyCount "85"]
[EventDate "2023.04.21"]
[EventType "swiss"]
[EventRounds "5"]
[EventCountry "SCO"]
[SourceTitle "EXT 2024"]
[Source "ChessBase"]
[SourceDate "2023.10.10"]
[SourceVersion "1"]
[SourceVersionDate "2023.10.10"]
[SourceQuality "1"]

1. e4 c6 2. d4 d5 3. f3 g6 4. Nc3 Bg7 5. Be3 e6 6. Qd2 Ne7 7. h4 h5 8. Nh3 Nd7 9. Ng5 a5 10. Bd3 Nb6 11. Ne2 Nd7 12. c3 b6 13. Nf4 Nf8 14. Qe2 Qc7 15. g4 f6 16. Ngh3 hxg4 17. fxg4 Rxh4 18. Bf2 Rh8 19. Bg3 dxe4 20. Bxe4 Qd7 21. 0-0-0 Ba6 22. Qc2 f5 23. gxf5 exf5 24. Bf3 0-0-0 25. d5 c5 26. Rhe1 Bh6 27. Qb3 b5 28. d6 Nc6 29. Qd5 g5 30. Re7 Bb7 31. Rxd7 Nxd7 32. Ne6 g4+ 33. Kb1 gxf3 34. Nxd8 Nxd8 35. Qxf5 Be3 36. Re1 Re8 37. Ka1 Rf8 38. Qc2 Rg8 39. Bf2 Bh6 40. Qf5 Rf8 41. Qh5 Rf6 42. Bh4 Rxd6 43. Qe8 1-0

[Event "Newcastle Northumbria Masters"]
[Site "Newcastle on Tyne"]
[Date "2022.08.26"]
[Round "1"]
[White "Gormally, Daniel"]
[Black "Skettos, Nicolas"]
[Result "1-0"]
[WhiteElo "2466"]
[BlackElo "1921"]
[PlyCount "103"]
[EventDate "2022.08.26"]
[EventType "swiss"]
[EventRounds "9"]
[EventCountry "ENG"]
[SourceTitle "CBM 210 Extra"]
[Source "ChessBase"]
[SourceDate "2022.11.30"]
[SourceVersion "1"]
[SourceVersionDate "2022.11.30"]
[SourceQuality "1"]

1. e4 e6 2. d4 d5 3. Nd2 c5 4. exd5 Qxd5 5. Ngf3 cxd4 6. Bc4 Qd6 7. 0-0 Nf6 8. Nb3 Nc6 9. Nbxd4 Nxd4 10. Nxd4 Be7 11. c3 0-0 12. Qf3 Qc7 13. Bb3 a5 14. a4 Bd7 15. Re1 Bc6 16. Qh3 Bd6 17. Bg5 Ne4 18. Bh4 Rae8 19. Rad1 Be7 20. Bc2 Bxh4 21. Qxh4 Nf6 22. Re3 h6 23. Rde1 Nd5 24. Re5 Qe7 25. Qg3 Qf6 26. Qd3 g6 27. g3 Kg7 28. h4 Rh8 29. Qd2 Bd7 30. Bb3 Ne7 31. R5e4 g5 32. Bxe6 Bxe6 33. Nxe6+ fxe6 34. Rxe6 Qf7 35. Qd4+ Kg8 36. Qg4 Rh7 37. hxg5 hxg5 38. R1e5 Rg7 39. Rxg5 Rxg5 40. Qxg5+ Qg7 41. Qe3 Kf8 42. Qf3+ Kg8 43. Qxb7 Qf7 44. Re5 Ng6 45. Qxf7+ Kxf7 46. Rxa5 Re1+ 47. Kg2 Ne5 48. Rb5 Ke6 49. f4 Nd3 50. a5 Kd6 51. c4 Rb1 52. Rd5+ 1-0

[Event "South Wales op 17th"]
[Site "Bridgend"]
[Date "2022.07.11"]
[Round "8"]
[White "Skettos, Nicolas"]
[Black "Fowler, Hugo"]
[Result "1/2-1/2"]
[WhiteElo "1972"]
[BlackElo "1873"]
[PlyCount "35"]
[EventDate "2022.07.07"]
[EventType "swiss"]
[EventRounds "9"]
[EventCountry "WLS"]
[SourceTitle "CBM 209 Extra"]
[Source "ChessBase"]
[SourceDate "2022.09.30"]
[SourceVersion "1"]
[SourceVersionDate "2022.09.30"]
[SourceQuality "1"]

1. e4 e5 2. Nf3 Nc6 3. d4 exd4 4. Nxd4 Bc5 5. Nxc6 Qf6 6. Qf3 bxc6 7. Nd2 d6 8. Nb3 Bb6 9. a4 a5 10. Bd2 Be6 11. Bc3 Qxf3 12. gxf3 f6 13. Nd4 Bxd4 14. Bxd4 Ne7 15. 0-0-0 Kf7 16. f4 f5 17. f3 Ng6 18. Be3 1/2-1/2

[Event "SCO-ch 126th"]
[Site "Edinburgh"]
[Date "2019.07.12"]
[Round "7"]
[White "Skettos, Nicolas"]
[Black "Zamvar, Vipin"]
[Result "1-0"]
[WhiteElo "1867"]
[BlackElo "1612"]
[PlyCount "151"]
[EventDate "2019.07.06"]
[EventType "swiss"]
[EventRounds "9"]
[EventCountry "SCO"]
[SourceTitle "CBM 191 Extra"]
[Source "ChessBase"]
[SourceDate "2019.09.30"]
[SourceVersion "1"]
[SourceVersionDate "2019.09.30"]
[SourceQuality "1"]

1. d4 Nf6 2. Nc3 d5 3. Bg5 e6 4. e4 Be7 5. e5 Ng8 6. Bxe7 Nxe7 7. f4 Nbc6 8. Nf3 Ng6 9. Qd2 a6 10. 0-0-0 Bd7 11. h4 h5 12. Bd3 Nge7 13. Qf2 Nb4 14. Be2 Nf5 15. a3 Nc6 16. Bd3 Nce7 17. Rdg1 Nh6 18. Nd1 Bb5 19. Qe2 Bxd3 20. Qxd3 Nef5 21. Nf2 Ng4 22. Nxg4 hxg4 23. Ng5 g3 24. Rh3 Qe7 25. Rgh1 Rh5 26. Qe3 0-0-0 27. Qf3 Rdh8 28. Rxg3 f6 29. Nh3 Nxg3 30. Qxg3 Rxh4 31. Re1 f5 32. Re3 Rg4 33. Qf3 Rhh4 34. Qf1 Qe8 35. g3 Rh6 36. Nf2 Rgg6 37. Kb1 Rh2 38. Ka2 Qb5 39. Qe1 Qc4+ 40. Rb3 Qxd4 41. Nd3 Rxc2 42. Qd1 Qc4 43. Qh5 b6 44. Qxg6 Rd2 45. Qxe6+ Kb7 46. Qxf5 a5 47. Nc5+ Qxc5 48. Qd7 Qc4 49. Qb5 Qxb5 50. Rxb5 Kc6 51. Rb3 Re2 52. Rf3 a4 53. g4 d4 54. Kb1 Kd5 55. Kc1 Ke4 56. Rf1 d3 57. Kd1 Kd5 58. Kc1 Ke6 59. Rf3 Re4 60. Kd2 Re2+ 61. Kxd3 Rxb2 62. Kd4 g6 63. f5+ gxf5 64. gxf5+ Ke7 65. f6+ Kf7 66. e6+ Kxe6 67. f7 Rd2+ 68. Kc4 Rd8 69. f8Q Rxf8 70. Rxf8 c6 71. Kb4 Kd5 72. Kxa4 Kc4 73. Rf4+ Kc5 74. Kb3 b5 75. Rf5+ Kb6 76. Kb4 1-0

[Event "SCO-ch 126th"]
[Site "Edinburgh"]
[Date "2019.07.11"]
[Round "6"]
[White "Grant, Jonathan"]
[Black "Skettos, Nicolas"]
[Result "1-0"]
[WhiteElo "2183"]
[BlackElo "1867"]
[PlyCount "59"]
[EventDate "2019.07.06"]
[EventType "swiss"]
[EventRounds "9"]
[EventCountry "SCO"]
[SourceTitle "CBM 191 Extra"]
[Source "ChessBase"]
[SourceDate "2019.09.30"]
[SourceVersion "1"]
[SourceVersionDate "2019.09.30"]
[SourceQuality "1"]

1. c4 Nf6 2. Nc3 e5 3. Nf3 Nc6 4. g3 d5 5. cxd5 Nxd5 6. Bg2 Nb6 7. 0-0 Be7 8. a3 0-0 9. b4 Re8 10. d3 Bf8 11. Bb2 a5 12. b5 Nd4 13. Nd2 Rb8 14. e3 Ne6 15. Nf3 f6 16. Qc2 Nc5 17. Rfd1 Be6 18. d4 Bb3 19. dxc5 Bxc2 20. Rxd8 Rexd8 21. cxb6 cxb6 22. Kf1 Bc5 23. Ke1 Kf8 24. Nd2 Rd7 25. Rc1 Bd3 26. Nb3 Rc8 27. Na4 Rdc7 28. Naxc5 bxc5 29. b6 Rd7 30. Nxc5 1-0

[Event "SCO-ch 126th"]
[Site "Edinburgh"]
[Date "2019.07.10"]
[Round "5"]
[White "Berry, Neil"]
[Black "Skettos, Nicolas"]
[Result "1/2-1/2"]
[WhiteElo "2232"]
[BlackElo "1867"]
[PlyCount "106"]
[EventDate "2019.07.06"]
[EventType "swiss"]
[EventRounds "9"]
[EventCountry "SCO"]
[SourceTitle "CBM 191 Extra"]
[Source "ChessBase"]
[SourceDate "2019.09.30"]
[SourceVersion "1"]
[SourceVersionDate "2019.09.30"]
[SourceQuality "1"]

1. d4 d5 2. c4 dxc4 3. e3 e5 4. Bxc4 exd4 5. exd4 Bd6 6. Nf3 Nf6 7. 0-0 0-0 8. h3 h6 9. Nc3 Nc6 10. Qc2 Nb4 11. Qb1 Be6 12. Bxe6 fxe6 13. Bd2 Qd7 14. Re1 Rae8 15. Ne4 Nxe4 16. Qxe4 Nd5 17. Rad1 Qf7 18. Re2 c6 19. Rde1 Bf4 20. Bxf4 Nxf4 21. Re3 Nd5 22. Rb3 Re7 23. Qc2 Qf5 24. Qxf5 Rxf5 25. Ne5 Rc7 26. Nd3 Nf4 27. Nc5 Rd5 28. Nxb7 Rxd4 29. Nc5 Re7 30. Rbe3 Rd2 31. Re4 Rc2 32. Rxf4 Rxc5 33. Re2 e5 34. Rf5 g6 35. Rf3 Kg7 36. g3 Ra5 37. a3 Rc5 38. b4 Rc1+ 39. Kg2 c5 40. bxc5 Rxc5 41. Rfe3 Ra5 42. f4 e4 43. Rc2 Ra4 44. Kf2 Kf6 45. Rb3 Re6 46. Rcc3 g5 47. fxg5+ hxg5 48. Rb4 Rea6 49. Rxa4 Rxa4 50. Ke3 Ke5 51. Rc5+ Kf6 52. Rc3 Ke5 53. Rc5+ Kf6 1/2-1/2

[Event "Basingstoke 4NCL Spring Bank 2nd"]
[Site "Basingstoke"]
[Date "2019.05.27"]
[Round "7"]
[White "Skettos, Nicolas"]
[Black "Chapman, Matt"]
[Result "0-1"]
[WhiteElo "1830"]
[BlackElo "1961"]
[PlyCount "80"]
[EventDate "2019.05.24"]
[EventType "swiss"]
[EventRounds "7"]
[EventCountry "ENG"]
[SourceTitle "CBM 190 Extra"]
[Source "ChessBase"]
[SourceDate "2019.07.15"]
[SourceVersion "1"]
[SourceVersionDate "2019.07.15"]
[SourceQuality "1"]

1. e4 c6 2. d4 d5 3. exd5 cxd5 4. Bd3 Nc6 5. c3 Qc7 6. Ne2 Bg4 7. 0-0 e6 8. Qe1 Bxe2 9. Qxe2 Nf6 10. f4 Bd6 11. Be3 0-0-0 12. b4 h5 13. h3 h4 14. a4 Nh5 15. Qf3 g5 16. fxg5 Bh2+ 17. Kf2 e5 18. Qf5+ Kb8 19. Ke1 exd4 20. cxd4 Rhe8 21. Kd2 Rxe3 22. Kxe3 Re8+ 23. Kd2 Nxd4 24. Qxd5 Bf4+ 25. Rxf4 Nxf4 26. Qxd4 Rd8 27. Qc5 Rxd3+ 28. Kc2 Qxc5+ 29. bxc5 Rg3 30. Nd2 Rxg2 31. Rf1 Nxh3 32. Rxf7 Nxg5 33. Rf8+ Kc7 34. Rh8 Nf3 35. Kc3 Rxd2 36. Rf8 Rf2 37. Kb4 h3 38. Rh8 h2 39. Kb5 Rb2+ 40. Kc4 Rb1 0-1